000 00587nam a2200193Ii 4500
003 JO-AjNU
008 230605s9999||||xx |||||||||||||| ||und||
040 _aJO-AjNU
_bara
_erda
_cJO-AjNU
041 _aara
050 1 4 _aBF575.1989
100 3 _aعبد المسيح، شوقي,
_eauthor
_936789
245 0 0 _aدوافع التردد والخجل والخوف
264 3 1 _aد.م:د.ن،1989
300 _a48ص
336 _atext
_btxt
_2rdacontent
337 _aunmediated
_bn
_2rdamedia
338 _avolume
_bnc
_2rdacarrier
650 4 _aتردد-خجل-خوف-علم نفس
_936790
999 _aA15316
_c18884
_d18884